[Event "SR 1. liga zapad 2013/2014"]
[Site "?"]
[Date "2013.12.14"]
[Round "27.2"]
[White "Dobrotka, Martin"]
[Black "Farkas, Gabor"]
[Result "1/2-1/2"]
[WhiteElo "2218"]
[BlackElo "2307"]
[PlyCount "104"]
[EventDate "2013.??.??"]
[WhiteTeam "SK Prievidza"]
[BlackTeam "NSK Nitra"]

1. d4 Nf6 2. Nf3 g6 3. g3 Bg7 4. Bg2 O-O 5. O-O d6 6. c4 c5 7. Nc3 Nc6 8. d5
Na5 9. Nd2 a6 10. Qc2 Rb8 11. e4 b5 12. Ne2 Nd7 13. Rb1 bxc4 14. Nxc4 Nxc4 15.
Qxc4 Qa5 16. a3 Nb6 17. Qc2 Bg4 18. h3 Bxe2 19. Qxe2 Na4 20. Qc2 Qb5 21. Re1
Qb3 22. Qxb3 Rxb3 23. Bf1 Nxb2 24. e5 Rfb8 25. exd6 exd6 26. Bf4 R3b6 27. a4 a5
28. Bb5 Nxa4 29. Bxd6 Rxd6 30. Bxa4 Rxb1 31. Rxb1 Rxd5 32. Rb8+ Bf8 33. Rb5 Rd2
34. Rxa5 c4 35. Ra8 Ra2 36. Bc6 Rxa8 37. Bxa8 c3 38. Be4 f5 39. Bc2 Kf7 40. Kf1
Ke6 41. Ke2 Bg7 42. Bb3+ Ke5 43. Kd3 h6 44. f4+ Kd6 45. g4 fxg4 46. hxg4 Ke7
47. Bc2 Kf7 48. Ke4 Bf8 49. Kd4 Bb4 50. Kc4 Ba5 51. Kb5 Bc7 52. Kb4 Bxf4
1/2-1/2

[Event "SR 1. liga zapad 2013/2014"]
[Site "?"]
[Date "2013.12.14"]
[Round "27.3"]
[White "Szucs, Vladimir"]
[Black "Gazik, Viktor"]
[Result "1-0"]
[WhiteElo "2248"]
[BlackElo "2166"]
[PlyCount "57"]
[EventDate "2013.??.??"]
[WhiteTeam "NSK Nitra"]
[BlackTeam "SK Prievidza"]

1. d4 Nf6 2. c4 g6 3. Nc3 d5 4. Nf3 Bg7 5. Bf4 c6 6. e3 O-O 7. h3 Nbd7 8. cxd5
Nxd5 9. Nxd5 cxd5 10. Bd3 Nb6 11. Qb3 Be6 12. O-O Rc8 13. Rfc1 Qe8 14. Qa3 Nc4
15. Bxc4 dxc4 16. e4 Qb5 17. Qxe7 Qxb2 18. Rab1 Qe2 19. Qxb7 c3 20. Rf1 Qc4 21.
d5 Bf5 22. Rb4 Qxa2 23. exf5 c2 24. Rc1 a5 25. Rb6 a4 26. f6 Bh8 27. d6 a3 28.
d7 Ra8 29. Qc6 1-0

[Event "SR 1. liga zapad 2013/2014"]
[Site "?"]
[Date "2013.12.14"]
[Round "27.4"]
[White "Kaniansky, Miroslav"]
[Black "Debnar, Lubos"]
[Result "1/2-1/2"]
[WhiteElo "2203"]
[BlackElo "2260"]
[PlyCount "51"]
[EventDate "2013.??.??"]
[WhiteTeam "SK Prievidza"]
[BlackTeam "NSK Nitra"]

1. d4 Nf6 2. Nf3 e6 3. Bf4 b6 4. e3 Bb7 5. Bd3 Be7 6. O-O d6 7. Nbd2 c5 8. c3
Nh5 9. Bg3 Nd7 10. e4 cxd4 11. cxd4 O-O 12. Rc1 Rc8 13. Qe2 Re8 14. Bb5 Nxg3
15. hxg3 Bf8 16. Nc4 d5 17. Nce5 Nxe5 18. Nxe5 Re7 19. Nc6 Bxc6 20. Rxc6 Rxc6
21. Bxc6 Qd6 22. exd5 exd5 23. Qb5 Qf6 24. Qxd5 Re6 25. Ba4 Rd6 26. Qe5 1/2-1/2

[Event "SR 1. liga zapad 2013/2014"]
[Site "?"]
[Date "2013.12.14"]
[Round "27.5"]
[White "Gorusa, Miroslav"]
[Black "Pinter, Patrik"]
[Result "1/2-1/2"]
[WhiteElo "2146"]
[BlackElo "2162"]
[PlyCount "62"]
[EventDate "2013.??.??"]
[WhiteTeam "NSK Nitra"]
[BlackTeam "SK Prievidza"]

1. d4 g6 2. c4 Bg7 3. Bf4 c5 4. e3 Nc6 5. Nf3 d6 6. Nc3 Bg4 7. d5 Ne5 8. Qa4+
Bd7 9. Qc2 Nxf3+ 10. gxf3 Nf6 11. Bd3 a6 12. e4 O-O 13. Be3 e6 14. h4 b5 15.
dxe6 fxe6 16. e5 Nh5 17. exd6 bxc4 18. Bxc4 Rb8 19. O-O-O Qa5 20. Rd2 Rb4 21.
Nd1 Rfb8 22. Rg1 Kh8 23. Rg5 Rc8 24. Rd3 Qa4 25. Qxa4 Rxa4 26. b3 Rxa2 27. Rxc5
Rxc5 28. Bxc5 Nf4 29. Re3 Ra1+ 30. Kd2 Ra2+ 31. Kc1 Ra1+ 1/2-1/2

[Event "SR 1. liga zapad 2013/2014"]
[Site "?"]
[Date "2013.12.14"]
[Round "27.6"]
[White "Hanko, Pavol"]
[Black "Skreno, Vladimir"]
[Result "0-1"]
[WhiteElo "2141"]
[BlackElo "2195"]
[PlyCount "82"]
[EventDate "2013.??.??"]
[WhiteTeam "SK Prievidza"]
[BlackTeam "NSK Nitra"]

1. d4 Nf6 2. Nf3 g6 3. c4 Bg7 4. Nc3 O-O 5. e4 d6 6. Be2 e5 7. Be3 Ng4 8. Bg5
f6 9. Bc1 f5 10. dxe5 Nxe5 11. exf5 Rxf5 12. Be3 Nbc6 13. c5 dxc5 14. Qxd8+
Nxd8 15. Nd5 Nxf3+ 16. Bxf3 Rf7 17. Bxc5 Bxb2 18. Rb1 Ne6 19. Bb4 Bd4 20. Ne7+
Kg7 21. Nxc8 Rxc8 22. O-O c6 23. Bg4 Re8 24. g3 h5 25. Bd1 c5 26. Bd2 a6 27. a4
c4 28. Kg2 c3 29. Bc1 Nc5 30. f4 c2 31. Rb4 cxd1=Q 32. Rxd1 Bf6 33. a5 Re2+ 34.
Kf3 Rfe7 35. h3 Rc2 36. Rb6 Rc3+ 37. Kg2 Re2+ 38. Kf1 Rec2 39. Bd2 Rxg3 40. Bb4
Rf3+ 41. Kg1 Rxf4 0-1

[Event "SR 1. liga zapad 2013/2014"]
[Site "?"]
[Date "2013.12.14"]
[Round "27.7"]
[White "Dlhy, Jozef"]
[Black "Gazikova, Veronika"]
[Result "0-1"]
[WhiteElo "2057"]
[BlackElo "2093"]
[PlyCount "69"]
[EventDate "2013.??.??"]
[WhiteTeam "NSK Nitra"]
[BlackTeam "SK Prievidza"]

1. d4 Nf6 2. Nf3 g6 3. Bg5 Bg7 4. Nbd2 O-O 5. e4 d5 6. exd5 Nxd5 7. Bc4 Be6 8.
O-O c6 9. c3 Nd7 10. Re1 h6 11. Bh4 b5 12. Bf1 Nf4 13. Bg3 Nh5 14. Ne5 Bd5 15.
Nxd7 Qxd7 16. Nf3 Nxg3 17. hxg3 Rab8 18. a3 a5 19. Ne5 Qc7 20. Nd3 a4 21. Qd2
g5 22. Qe3 e6 23. Nb4 Rbd8 24. Bd3 Rfe8 25. f4 g4 26. Be4 Bxe4 27. Qxe4 Rd6 28.
Re2 c5 29. Nc2 cxd4 30. Nxd4 Qb6 31. Rd1 Red8 32. Red2 f6 33. Kh2 e5 34. fxe5
fxe5 35. Qxg4 0-1

[Event "SR 1. liga zapad 2013/2014"]
[Site "?"]
[Date "2013.12.14"]
[Round "27.8"]
[White "Reisel, Frantisek"]
[Black "Pindes, Robert"]
[Result "1/2-1/2"]
[WhiteElo "1984"]
[BlackElo "2031"]
[PlyCount "51"]
[EventDate "2013.??.??"]
[WhiteTeam "SK Prievidza"]
[BlackTeam "NSK Nitra"]

1. d4 Nf6 2. c4 g6 3. Nc3 Bg7 4. e4 d6 5. Bd3 e5 6. d5 O-O 7. Nge2 a5 8. f3 Na6
9. Be3 Nc5 10. Bc2 Ne8 11. g4 f5 12. gxf5 gxf5 13. Qd2 f4 14. Bf2 Bh3 15. Rg1
Kh8 16. O-O-O Bf6 17. Kb1 Qe7 18. Nc1 b6 19. Nd3 Nxd3 20. Bxd3 Bh4 21. Bf1 Bd7
22. Qe1 Bxf2 23. Qxf2 Rg8 24. Rxg8+ Kxg8 25. Rd2 Kh8 26. Qe1 1/2-1/2

[Event "SR 1. liga zapad 2013/2014"]
[Site "?"]
[Date "2013.12.14"]
[Round "28.1"]
[White "Zatko, Gregor"]
[Black "Bagi, Mate"]
[Result "0-1"]
[WhiteElo "2188"]
[BlackElo "2368"]
[PlyCount "64"]
[EventDate "2013.??.??"]
[WhiteTeam "SK Levice"]
[BlackTeam "KSC Komarno"]

1. e4 e5 2. Bc4 Nf6 3. d3 Nc6 4. Nf3 Be7 5. Bb3 O-O 6. c3 d6 7. h3 Na5 8. Bc2
c5 9. Nbd2 Nc6 10. Nf1 d5 11. Qe2 d4 12. Ng3 h6 13. O-O Be6 14. Nh2 b5 15. f4
exf4 16. Bxf4 Rc8 17. Nf3 dxc3 18. bxc3 b4 19. c4 Nh7 20. e5 Ng5 21. Kh1 Nxf3
22. Qxf3 Nd4 23. Qd1 Bg5 24. Ne4 Bxf4 25. Rxf4 Qc7 26. Nd6 Rcd8 27. Ba4 f6 28.
Qh5 fxe5 29. Rxf8+ Rxf8 30. Ne8 Bf7 31. Nxc7 Bxh5 32. Re1 Rf2 0-1

[Event "SR 1. liga zapad 2013/2014"]
[Site "?"]
[Date "2013.12.14"]
[Round "28.2"]
[White "Kukel, Imre 1985"]
[Black "Kalisky, Vladimir"]
[Result "1-0"]
[WhiteElo "2249"]
[BlackElo "2186"]
[PlyCount "97"]
[EventDate "2013.??.??"]
[WhiteTeam "KSC Komarno"]
[BlackTeam "SK Levice"]

1. e4 e5 2. Nf3 Nc6 3. Bb5 Nf6 4. O-O $2 Bc5 5. Nxe5 Nxe4 6. Nxf7 Kxf7 7. Qh5+
g6 8. Qd5+ Kg7 9. Qxe4 d5 10. Qa4 Nd4 11. c3 Nxb5 12. Qxb5 Bd6 13. d4 Rf8 14.
f4 Bd7 15. Qxd5 Bc6 16. Qc4 Rf5 17. a4 Qh4 18. g3 Qh3 19. Rf2 Rh5 20. Re2 Re8
21. Nd2 Bxf4 22. Nf1 Bxc1 23. Rxc1 Rf8 24. Qe6 Qxe6 25. Rxe6 Rhf5 26. Re7+ Kh8
27. Ne3 Rf2 28. Rf1 Rxf1+ 29. Nxf1 Bxa4 30. Rxc7 Bc6 31. Re7 Rf3 32. Ne3 Kg8
33. d5 Ba4 34. Kg2 Rf7 35. Rxf7 Kxf7 36. Kf3 Bb3 37. Ke4 Kf6 38. h4 h5 39. g4
hxg4 40. Nxg4+ Ke7 41. Ke5 Bc2 42. Ne3 Bb3 43. Nf1 b6 44. Nd2 Bd1 45. Nc4 Be2
46. Nd6 Kd7 47. Ne4 Bd3 48. Nf6+ Kd8 49. Kd6 1-0

[Event "SR 1. liga zapad 2013/2014"]
[Site "?"]
[Date "2013.12.14"]
[Round "28.3"]
[White "Hudoba, Ondrej"]
[Black "Baranek, Jozef"]
[Result "1/2-1/2"]
[WhiteElo "2155"]
[BlackElo "2152"]
[PlyCount "115"]
[EventDate "2013.??.??"]
[WhiteTeam "SK Levice"]
[BlackTeam "KSC Komarno"]

1. e4 c5 2. Nf3 a6 3. c3 d5 4. exd5 Qxd5 5. d4 Nf6 6. Be2 cxd4 7. cxd4 e6 8.
Nc3 Qa5 9. O-O Nc6 10. Bd2 Be7 11. a3 O-O 12. b4 Qd8 13. Be3 b5 14. Ne5 Bb7 15.
Bf3 Rc8 16. Rc1 Ba8 17. Nxb5 Nxe5 18. dxe5 Rxc1 19. Qxc1 Bxf3 20. exf6 gxf6 21.
gxf3 axb5 22. Bh6 Re8 23. Qc6 Qb8 24. Rc1 Bf8 25. Be3 Rd8 26. Kh1 Qe5 27. Qe4
Bd6 28. Qg4+ Kf8 29. f4 Qd5+ 30. Qg2 Qxg2+ 31. Kxg2 Ke7 32. Rc6 Rb8 33. Ra6 Rb7
34. Kf3 Kd7 35. Kg4 Bc7 36. h4 Rb8 37. Kh5 Rg8 38. f5 Rg1 39. Kh6 Rh1 40. Kxh7
Rxh4+ 41. Kg7 exf5 42. Kxf7 f4 43. Bc5 Be5 44. a4 bxa4 45. b5 Rh7+ 46. Kg6 Rh1
47. Rxa4 Rb1 48. Rb4 Rc1 49. Ba7 Ke6 50. b6 Rg1+ 51. Kh5 Kf5 52. Kh6 Rh1+ 53.
Kg7 Ke6 54. b7 f5+ 55. Kg6 Rg1+ 56. Kh5 Rh1+ 57. Kg6 Rg1+ 58. Kh5 1/2-1/2

[Event "SR 1. liga zapad 2013/2014"]
[Site "?"]
[Date "2013.12.14"]
[Round "28.4"]
[White "Voros, Gellert"]
[Black "Chlpik, Martin"]
[Result "1/2-1/2"]
[WhiteElo "2038"]
[BlackElo "2077"]
[PlyCount "57"]
[EventDate "2013.??.??"]
[WhiteTeam "KSC Komarno"]
[BlackTeam "SK Levice"]

1. e4 d6 2. d4 g6 3. Nc3 Bg7 4. Be3 a6 5. f3 b5 6. a4 b4 7. Nd5 Nc6 8. c3 Rb8
9. Bc4 e6 10. Nf4 Nge7 11. Nge2 e5 12. Nd5 Na5 13. Bd3 Nxd5 14. exd5 exd4 15.
Nxd4 Qe7 16. Qe2 bxc3 17. bxc3 O-O 18. O-O Rb2 19. Qe1 Re8 20. Bf2 Qd8 21. Qc1
Rxf2 22. Rxf2 Bxd4 23. cxd4 Nb3 24. Qb2 Nxa1 25. Qxa1 Qg5 26. Qc3 Qxd5 27. Be4
Qg5 28. Qxc7 Qf4 29. Qc6 1/2-1/2

[Event "SR 1. liga zapad 2013/2014"]
[Site "?"]
[Date "2013.12.14"]
[Round "28.5"]
[White "Berek, Geza"]
[Black "Hegedus, Roland"]
[Result "0-1"]
[WhiteElo "2134"]
[BlackElo "2020"]
[PlyCount "72"]
[EventDate "2013.??.??"]
[WhiteTeam "SK Levice"]
[BlackTeam "KSC Komarno"]

1. e4 c5 2. Nf3 Nc6 3. d4 cxd4 4. Nxd4 Nf6 5. Nc3 e5 6. Ndb5 d6 7. Bg5 a6 8.
Na3 b5 9. Bxf6 gxf6 10. Nd5 Bg7 11. c3 Ne7 12. Nxe7 Qxe7 13. Nc2 f5 14. exf5
Bb7 15. Ne3 O-O 16. Be2 b4 17. O-O bxc3 18. bxc3 e4 19. Rb1 Rac8 20. c4 Rc5 21.
Rb6 Be5 22. Qb3 Bc8 23. Nd5 Qg5 24. f4 exf3 25. Qxf3 Rxd5 26. Rb3 Bd4+ 27. Kh1
Rxf5 28. Qe4 Rxf1+ 29. Bxf1 Be5 30. Rf3 Bg4 31. Bd3 Qh5 32. Rf4 Bxf4 33. Qxf4
Re8 34. h3 Bxh3 35. gxh3 Qxh3+ 36. Kg1 Qxd3 0-1

[Event "SR 1. liga zapad 2013/2014"]
[Site "?"]
[Date "2013.12.14"]
[Round "28.6"]
[White "Molnar, Erno"]
[Black "Svonavec, Stefan"]
[Result "1-0"]
[WhiteElo "2002"]
[BlackElo "2020"]
[PlyCount "79"]
[EventDate "2013.??.??"]
[WhiteTeam "KSC Komarno"]
[BlackTeam "SK Levice"]

1. e4 c5 2. Nf3 Nc6 3. d4 cxd4 4. Nxd4 Nf6 5. Nc3 e5 6. Ndb5 d6 7. Bg5 a6 8.
Na3 b5 9. Nd5 Be7 10. Bxf6 Bxf6 11. c3 Bg5 12. Nc2 O-O 13. a4 Rb8 14. axb5 axb5
15. Nce3 Be6 16. Bd3 b4 17. O-O Bxd5 18. Nxd5 bxc3 19. bxc3 g6 20. Qa4 Ne7 21.
Bc4 Nxd5 22. Bxd5 Bd2 23. Qc2 Bg5 24. Ra7 Rc8 25. Rfa1 Rc7 26. Qb3 Qe7 27. Qb6
Rfc8 28. g3 Bd2 29. Ra8 Rxa8 30. Rxa8+ Kg7 31. c4 Bc3 32. Qb8 Bd4 33. Qh8+ Kh6
34. h4 f5 35. exf5 gxf5 36. Re8 Rc8 37. Rxc8 Bxf2+ 38. Kxf2 Qa7+ 39. Kg2 Qa2+
40. Kh3 1-0

[Event "SR 1. liga zapad 2013/2014"]
[Site "?"]
[Date "2013.12.14"]
[Round "29.1"]
[White "Todor, Razvan"]
[Black "Zetocha, Claudiu"]
[Result "1/2-1/2"]
[WhiteElo "2161"]
[BlackElo "2363"]
[PlyCount "57"]
[EventDate "2013.??.??"]
[WhiteTeam "SK Doprastav Bratislava B"]
[BlackTeam "SK Slovan Bratislava C"]

1. e4 c5 2. Nf3 e6 3. c3 d5 4. exd5 Qxd5 5. Na3 Nf6 6. d4 cxd4 7. Nb5 Qd8 8.
Nbxd4 Be7 9. Be2 O-O 10. O-O a6 11. a4 Qc7 12. Qc2 g6 13. Bg5 e5 14. Nb3 Bf5
15. Qc1 Be6 16. Nbd2 Re8 17. Re1 Nbd7 18. Bh4 Bd6 19. Bf1 Nh5 20. Ne4 Bf8 21.
Ng3 Nxg3 22. Bxg3 f6 23. Qc2 Qc6 24. h4 Nc5 25. b4 Nd7 26. b5 Qc5 27. h5 Bf7
28. Rad1 Nb6 29. hxg6 1/2-1/2

[Event "SR 1. liga zapad 2013/2014"]
[Site "?"]
[Date "2013.12.14"]
[Round "29.2"]
[White "Petran, Peter"]
[Black "Bednar, Jan"]
[Result "1/2-1/2"]
[WhiteElo "2320"]
[BlackElo "2185"]
[PlyCount "105"]
[EventDate "2013.??.??"]
[WhiteTeam "SK Slovan Bratislava C"]
[BlackTeam "SK Doprastav Bratislava B"]

1. g3 Nf6 2. Bg2 e5 3. d3 d5 4. Nf3 Bd6 5. O-O O-O 6. Nbd2 Qe7 7. e4 dxe4 8.
dxe4 Nc6 9. c3 Be6 10. Qe2 Rfd8 11. Nc4 Bxc4 12. Qxc4 Bc5 13. b4 Bb6 14. a4 a6
15. Bh3 h6 16. Nh4 Qd6 17. Re1 Qd3 18. Bf1 Qxc4 19. Bxc4 Ng4 20. Ra2 Rd7 21.
Kg2 Rad8 22. Bd5 Nb8 23. f3 Nf6 24. Bc4 c6 25. Nf5 Ne8 26. Be2 Nd6 27. Ne3 Re7
28. c4 Bd4 29. c5 Ne8 30. Nf5 Red7 31. Nxd4 Rxd4 32. Rb2 Nc7 33. Be3 R4d7 34.
Bc4 Ne6 35. f4 exf4 36. gxf4 Kf8 37. h4 Rd1 38. Rxd1 Rxd1 39. b5 axb5 40. axb5
Nd7 41. bxc6 bxc6 42. Ra2 Nexc5 43. e5 Ne6 44. f5 Nd4 45. f6 gxf6 46. Bxh6+ Ke7
47. exf6+ Kxf6 48. h5 Ne5 49. Rf2+ Ke7 50. Bg5+ Kf8 51. Ba2 Ndf3 52. Rxf3 Rg1+
53. Kxg1 1/2-1/2

[Event "SR 1. liga zapad 2013/2014"]
[Site "?"]
[Date "2013.12.14"]
[Round "29.3"]
[White "Danada, Tomas"]
[Black "Havlicek, Libor"]
[Result "0-1"]
[WhiteElo "2099"]
[BlackElo "2268"]
[PlyCount "126"]
[EventDate "2013.??.??"]
[WhiteTeam "SK Doprastav Bratislava B"]
[BlackTeam "SK Slovan Bratislava C"]

1. e4 c5 2. g3 Nc6 3. Bg2 e6 4. d3 Be7 5. Nd2 d5 6. Ngf3 Nf6 7. O-O Rb8 8. a4
O-O 9. Re1 a6 10. e5 Nd7 11. Nf1 b5 12. axb5 Rxb5 13. Ne3 Qc7 14. c4 dxc4 15.
Nxc4 Nb4 16. Bg5 Nd5 17. Bxe7 Nxe7 18. Qd2 Qb8 19. Ra5 Bb7 20. Qg5 Ng6 21. Ra3
Rd8 22. h4 h6 23. Qe3 Ne7 24. g4 Nd5 25. Qc1 Nb4 26. g5 h5 27. g6 fxg6 28. Qg5
Nc2 29. Qxg6 Nf8 30. Qxh5 Bxf3 31. Bxf3 Nxe1 32. Be4 Rxb2 33. Rxa6 Nxd3 34. Nd6
Rxd6 35. exd6 Nxf2 36. Ra8 Nxe4 37. Rxb8 Rxb8 38. Qe5 Nf6 39. Qxc5 Rd8 40. Kg2
Ne4 41. Qe5 Nxd6 42. Kf3 Nf5 43. h5 Rd3+ 44. Kf4 Rd4+ 45. Kf3 Rh4 46. Qb8 Rxh5
47. Kg4 Rh4+ 48. Kf3 g5 49. Qd8 g4+ 50. Kg2 g3 51. Qf6 Rh2+ 52. Kg1 Rh6 53. Qe5
Rg6 54. Qc3 g2 55. Qd2 Rg3 56. Qd8 Kf7 57. Qc7+ Kg8 58. Qd8 Rg4 59. Qd1 Nh6 60.
Qc1 Nf7 61. Qe3 Ng5 62. Qb3 Nd7 63. Qd1 Nh3+ 0-1

[Event "SR 1. liga zapad 2013/2014"]
[Site "?"]
[Date "2013.12.14"]
[Round "29.4"]
[White "Ruckschloss, Karol"]
[Black "Karas, Marek"]
[Result "1/2-1/2"]
[WhiteElo "2244"]
[BlackElo "2037"]
[PlyCount "106"]
[EventDate "2013.??.??"]
[WhiteTeam "SK Slovan Bratislava C"]
[BlackTeam "SK Doprastav Bratislava B"]

1. c4 Nf6 2. d4 e6 3. Nf3 b6 4. Bg5 Bb7 5. e3 Be7 6. Bd3 c5 7. O-O d6 8. Nc3
Nbd7 9. Rc1 O-O 10. Bb1 cxd4 11. Nxd4 a6 12. Qe2 Qc7 13. Bh4 Rac8 14. b3 Ne5
15. f4 Ng6 16. Bg3 Rfd8 17. f5 Nf8 18. fxe6 fxe6 19. Bh4 Qc5 20. Na4 Qc7 21.
Bxf6 Bxf6 22. Qg4 Bxd4 23. exd4 b5 24. Nb2 bxc4 25. Rxc4 Qd7 26. Rxc8 Rxc8 27.
Nc4 Qe7 28. Qf4 Rd8 29. Ne3 Nd7 30. Bd3 Rf8 31. Qg3 Rxf1+ 32. Bxf1 Nf6 33. Bd3
Nh5 34. Qg4 Nf6 35. Qe2 e5 36. Nf5 Qe6 37. Bc4 d5 38. Qxe5 Qxe5 39. dxe5 dxc4
40. exf6 c3 41. Nd4 Be4 42. Ne2 c2 43. fxg7 Kxg7 44. Kf2 Kf6 45. g3 Kg5 46. Ke3
Bg6 47. Kd2 Kg4 48. Nf4 Be4 49. b4 h5 50. Ne6 Bd5 51. Nf4 Bxa2 52. Kxc2 h4 53.
Ne2 hxg3 1/2-1/2

[Event "SR 1. liga zapad 2013/2014"]
[Site "?"]
[Date "2013.12.14"]
[Round "29.5"]
[White "Polacik, Igor"]
[Black "Castiglione, Mario"]
[Result "1/2-1/2"]
[WhiteElo "2168"]
[BlackElo "2240"]
[PlyCount "22"]
[EventDate "2013.??.??"]
[WhiteTeam "SK Doprastav Bratislava B"]
[BlackTeam "SK Slovan Bratislava C"]

1. e4 d6 2. c4 c5 3. Nc3 Nc6 4. Nge2 Nd4 5. Nxd4 cxd4 6. Ne2 e5 7. d3 Be7 8.
Ng3 g6 9. Be2 h5 10. Nf1 Bg5 11. Nd2 Nf6 1/2-1/2

[Event "SR 1. liga zapad 2013/2014"]
[Site "?"]
[Date "2013.12.14"]
[Round "29.6"]
[White "Turna, Stefan"]
[Black "Orosi, Peter"]
[Result "1/2-1/2"]
[WhiteElo "2217"]
[BlackElo "2065"]
[PlyCount "83"]
[EventDate "2013.??.??"]
[WhiteTeam "SK Slovan Bratislava C"]
[BlackTeam "SK Doprastav Bratislava B"]

1. d4 d5 2. c4 c6 3. Nc3 Nf6 4. Nf3 dxc4 5. a4 Bf5 6. Ne5 e6 7. Nxc4 Bb4 8. a5
O-O 9. Bg5 Nbd7 10. e3 h6 11. Bh4 b5 12. axb6 axb6 13. Be2 Rxa1 14. Qxa1 Qa8
15. O-O Qb7 16. Qa4 Be7 17. e4 g5 18. exf5 gxh4 19. fxe6 fxe6 20. Ne5 b5 21.
Qc2 Nxe5 22. dxe5 Nh7 23. Qg6+ Kh8 24. Qxe6 Bg5 25. Ne4 Qg7 26. Rd1 Bf4 27.
Qxc6 Qxe5 28. g3 hxg3 29. hxg3 Qxb2 30. Bxb5 Bg5 31. f4 Bxf4 32. gxf4 Rg8+ 33.
Ng5 hxg5 34. f5 Qe5 35. Qd5 Qg3+ 36. Qg2 Qxg2+ 37. Kxg2 Rf8 38. Rd5 Kg7 39. Bd3
Nf6 40. Rd6 Rf7 41. Kf3 Rd7 42. Rxd7+ 1/2-1/2

[Event "SR 1. liga zapad 2013/2014"]
[Site "?"]
[Date "2013.12.14"]
[Round "29.7"]
[White "Krajnak, Robert"]
[Black "Hacik, Radomir"]
[Result "1-0"]
[WhiteElo "2045"]
[BlackElo "2209"]
[PlyCount "71"]
[EventDate "2013.??.??"]
[WhiteTeam "SK Doprastav Bratislava B"]
[BlackTeam "SK Slovan Bratislava C"]

1. c4 e5 2. Nc3 Nc6 3. g3 g6 4. Bg2 Bg7 5. Rb1 Nge7 6. b4 O-O 7. e3 Rb8 8. Nge2
d6 9. d3 Bf5 10. O-O Qd7 11. Re1 Nd8 12. b5 Re8 13. Nd5 Rc8 14. Nec3 c6 15.
Nxe7+ Rxe7 16. Ba3 Re8 17. Ne4 c5 18. Bb2 Ne6 19. h4 Kh8 20. Nc3 Nd8 21. Nd5 b6
22. a4 Bg4 23. Qd2 Be6 24. a5 Bxd5 25. Bxd5 f5 26. Ra1 Rf8 27. axb6 axb6 28.
Ra6 Rb8 29. Rea1 f4 30. exf4 exf4 31. Ra7 Nb7 32. Qc3 Rg8 33. Qxg7+ Qxg7 34.
Bxg7+ Rxg7 35. R1a6 Nd8 36. Ra8 1-0

[Event "SR 1. liga zapad 2013/2014"]
[Site "?"]
[Date "2013.12.14"]
[Round "29.8"]
[White "Dolnak, Michal"]
[Black "Goga, Frantisek"]
[Result "1/2-1/2"]
[WhiteElo "2164"]
[BlackElo "1887"]
[PlyCount "53"]
[EventDate "2013.??.??"]
[WhiteTeam "SK Slovan Bratislava C"]
[BlackTeam "SK Doprastav Bratislava B"]

1. d4 Nf6 2. c4 g6 3. Nc3 Bg7 4. e4 d6 5. Nf3 O-O 6. Be2 Nc6 7. O-O e5 8. d5
Ne7 9. b4 a5 10. Ba3 axb4 11. Bxb4 b6 12. a4 Nd7 13. a5 Ba6 14. axb6 Nxb6 15.
c5 Bxe2 16. Qxe2 Rxa1 17. Rxa1 dxc5 18. Bxc5 Nd7 19. Bb4 Re8 20. Qc4 Nb6 21.
Qb3 Qd7 22. Bc5 Rb8 23. d6 Nc6 24. dxc7 Qxc7 25. Nb5 Nd7 26. Nxc7 Rxb3 27. Be3
1/2-1/2

[Event "SR 1. liga zapad 2013/2014"]
[Site "?"]
[Date "2013.12.14"]
[Round "30.1"]
[White "Kuchynka, Lukas"]
[Black "Smolen, Jan"]
[Result "1/2-1/2"]
[WhiteElo "2309"]
[BlackElo "2384"]
[PlyCount "32"]
[EventDate "2013.??.??"]
[WhiteTeam "SK Modra"]
[BlackTeam "SK Strelec Devinska Nova Ves"]

1. d4 d5 2. Nf3 Nf6 3. e3 c6 4. c4 Bf5 5. Nc3 e6 6. Nh4 Bg6 7. Qb3 Qb6 8. Nxg6
hxg6 9. Bd2 Nbd7 10. Bd3 Be7 11. h3 O-O 12. g4 e5 13. Qxb6 axb6 14. cxd5 exd4
15. exd4 Nxd5 16. Nxd5 cxd5 1/2-1/2

[Event "SR 1. liga zapad 2013/2014"]
[Site "?"]
[Date "2013.12.14"]
[Round "30.2"]
[White "Machalova, Veronika"]
[Black "Federic, Jozef"]
[Result "1/2-1/2"]
[WhiteElo "2224"]
[BlackElo "2269"]
[PlyCount "65"]
[EventDate "2013.??.??"]
[WhiteTeam "SK Strelec Devinska Nova Ves"]
[BlackTeam "SK Modra"]

1. e4 c5 2. Nf3 e6 3. d3 d6 4. g3 Nc6 5. Bg2 g6 6. c3 Bg7 7. Qe2 Nge7 8. O-O
O-O 9. Re1 e5 10. Nh4 d5 11. Na3 Be6 12. f4 Qd7 13. Qf2 b6 14. Nc2 f5 15. exf5
Nxf5 16. Nf3 exf4 17. Bxf4 h6 18. Qd2 Kh7 19. Ne5 Nxe5 20. Bxe5 Rae8 21. d4 Nd6
22. b3 Bxe5 23. Rxe5 Nf7 24. Re3 Bh3 25. Rxe8 Rxe8 26. Re1 Bxg2 27. Kxg2 Ng5
28. Qf4 Qh3+ 29. Kg1 Qd7 30. Kg2 Qh3+ 31. Kg1 Qd7 32. Kg2 Qh3+ 33. Kg1 1/2-1/2

[Event "SR 1. liga zapad 2013/2014"]
[Site "?"]
[Date "2013.12.14"]
[Round "30.3"]
[White "Klemanic, Emil"]
[Black "Peitl, Tomas"]
[Result "0-1"]
[WhiteElo "2249"]
[BlackElo "2207"]
[PlyCount "178"]
[EventDate "2013.??.??"]
[WhiteTeam "SK Modra"]
[BlackTeam "SK Strelec Devinska Nova Ves"]

1. e4 e6 2. d3 d5 3. Nd2 Nf6 4. Ngf3 b6 5. e5 Nfd7 6. d4 c5 7. c3 Ba6 8. Bxa6
Nxa6 9. Qa4 Nab8 10. dxc5 bxc5 11. Nb3 Qc7 12. O-O Nc6 13. Re1 Nb6 14. Qf4 Ne7
15. Ng5 Ng6 16. Qg3 a5 17. f4 a4 18. Nd2 Ne7 19. Qh3 h6 20. Ngf3 g6 21. Nf1 Nc4
22. Ne3 Nxe3 23. Bxe3 Rb8 24. Re2 h5 25. Bf2 Bh6 26. Bh4 Bxf4 27. Bf6 Rg8 28.
Qh4 Bh6 29. Qxa4+ Nc6 30. h4 Kd7 31. a3 c4 32. Rd1 Qa7+ 33. Qxa7+ Nxa7 34. Bg5
Bg7 35. Be3 Nc6 36. Bc5 Rgc8 37. Bd6 Rb7 38. Rf1 Ke8 39. Kh2 Ne7 40. Bxe7 Rxe7
41. Ng5 Rb8 42. Kg3 Rb3 43. Nf3 Reb7 44. Rff2 Bh6 45. Nd4 R3b6 46. Rc2 Be3 47.
Rfe2 Bxd4 48. cxd4 Rb3+ 49. Kh2 Rd3 50. Rcd2 Rbb3 51. Kg1 Rg3 52. Re1 Rg4 53.
Ra1 Rxh4 54. a4 Rb7 55. a5 Kd7 56. Rf1 Ke8 57. Ra1 Rf4 58. a6 Ra7 59. b4 cxb3
60. Ra4 f6 61. exf6 e5 62. Re2 e4 63. Ra5 Kf7 64. Re3 Rxf6 65. Rxb3 Rfxa6 66.
Rxd5 Re7 67. Re3 Kf6 68. Rd8 Kf5 69. g3 Kg4 70. Rf8 g5 71. Rf2 Ra1+ 72. Rf1
Rxf1+ 73. Kxf1 Kf5 74. Ra3 Rd7 75. Ra4 Rd5 76. Kf2 Rb5 77. Ra8 Rb2+ 78. Ke3
Rb3+ 79. Kf2 Rf3+ 80. Kg2 Kg4 81. Re8 Rxg3+ 82. Kf2 e3+ 83. Ke2 Kf4 84. d5 Rg2+
85. Ke1 Rd2 86. Rd8 Ke5 87. Rg8 Kf6 88. Rf8+ Kg7 89. Rd8 h4 0-1

[Event "SR 1. liga zapad 2013/2014"]
[Site "?"]
[Date "2013.12.14"]
[Round "30.4"]
[White "Sosovicka, Juraj"]
[Black "Banas, Kamil"]
[Result "1-0"]
[WhiteElo "2188"]
[BlackElo "2221"]
[PlyCount "105"]
[EventDate "2013.??.??"]
[WhiteTeam "SK Strelec Devinska Nova Ves"]
[BlackTeam "SK Modra"]

1. e4 c5 2. Nf3 d6 3. d4 cxd4 4. Qxd4 Nc6 5. Bb5 Bd7 6. Bxc6 Bxc6 7. c4 Nf6 8.
Nc3 e5 9. Qd3 Be7 10. O-O O-O 11. Bg5 Ne8 12. Bxe7 Qxe7 13. Rfd1 Kh8 14. Nd5
Qe6 15. Ng5 Qg4 16. Qg3 Qxg3 17. hxg3 f6 18. Ne6 Rf7 19. f4 g6 20. Kf2 Rc8 21.
Rac1 Bd7 22. f5 gxf5 23. exf5 Bxe6 24. fxe6 Rg7 25. Rd3 Rg4 26. Rf3 Kg7 27. Ne3
Rg5 28. Nf5+ Kf8 29. Rh1 h5 30. g4 Rxc4 31. Rxh5 Rxh5 32. gxh5 Rc2+ 33. Kg1 Nc7
34. h6 Kg8 35. Rg3+ Kh8 36. e7 Ne8 37. Ng7 Rc8 38. Rc3 Rb8 39. Nxe8 Rxe8 40.
Rc7 Kh7 41. Rxb7 Kxh6 42. Rxa7 Kg6 43. b4 Kf7 44. b5 d5 45. b6 Rb8 46. b7 Kxe7
47. a4 Kd6 48. a5 Kc7 49. a6 f5 50. g3 d4 51. Ra8 e4 52. Kf2 d3 53. Ke3 1-0